UM Logo
Normal view MARC view
  • An, Sohyun.

Entry Personal Name

Number of records used in: 1

001 - CONTROL NUMBER

  • control field: 49894

003 - CONTROL NUMBER IDENTIFIER

  • control field: OSt

005 - DATE AND TIME OF LATEST TRANSACTION

  • control field: 20231111144258.0

008 - FIXED-LENGTH DATA ELEMENTS

  • fixed length control field: 231111|| aca||aabn | a|a d

040 ## - CATALOGING SOURCE

  • Original cataloging agency: OSt
  • Transcribing agency: OSt

100 ## - HEADING--PERSONAL NAME

  • Personal name: An, Sohyun.
  • Relator term: author.

670 ## - SOURCE DATA FOUND

  • Source citation: Work cat.: (OSt): An, Sohyun. author., Engaging with difficult knowledge of U.S. Wars in elementary social studies /, January - February 2022.